00653nam a2200205 a 450000100060000000300090000600800410001504000280005608200180008410000220010224500190012425000070014326000500015030000080020065000380020865000190024694200120026599900170027795201530029411434CO-ViMGA141112s2004 ck r 000 u spa d aCO-ViMGAbspacCO-ViMGA04a320.11 P517p21 aPlatón, 91590810aLa República a19 aSntafe de Bogotá : bPanAméricana, c1997 a42114aCIENCIAS PolíticaSESTADO91590914aUTOPIAS947853 2ddccBK c22631d22631 00102ddc40708002aMEVIECARbMEVIECARd2015-12-04hVolumen. 1 | 11/jun/2009l0o320.11 P517p2 p11434r2018-04-30 00:00:00tEj. 1w2015-12-04yBK